1152 1092 1202 1930 1458 1474 1474 1347 1664 1678 1671 1900 1827 1430 1919 1766 1663 1149 1460 1409 1218 1474 1989 1082 1446 1096 1448 1709 1503 1743 1573 1493 1367 1101 1721 1746 1393 1631 1040 1034 1474 1604 1126 1195 1450 1052 1447 1260 1188 1641 1872 1849 1605 1647 1193 1133 1812 1590 1048 1569 1724 1522 1167 1984 1143 1265 1010 1280 1593 1262 1608 1454 1131 1359 1830 1680 1550 1724 1984 1073 1332 1142 1452 1959 1349 1832 1616 1377 1330 1928 1664 1713 1809 1933 1144 1920 1345 1819 1484 BCNSPRNW ULIB Ver.6.0+V

เปลี่ยนเป็นภาษาไทย

Change to English
 แสดงรายละเอียดบรรณานุกรม
  กลับหน้าหลัก

Brief Record : Get Marc (ISO 2709) : E-mail record : QR code < ปิดหน้าต่าง
LEADER : 00000nam 2200000uu 4500
001    13399114516
003     ULIB
008    120411s2552||||th 000 0 tha d
020    ^a9786117190223
090    ^aนว.^bว276ป 2552
100 0  ^aวรวลัญช์
245 00 ^aปลายทางกามเทพ /^cวรวลัญช์
250    ^aพิมพ์ครั้งที่ 1
260    ^aกรุงเทพฯ :^bอินเลิฟ,^c2552
300    ^a388 หน้า
710 1  ^aอินเลิฟ
945    ^p275^l0^i15775
995    ^aกัณชพร
999 ^a ใช้งานได้ทุกระบบ
รายการนี้ยังไม่มีแท็ก
คุณยังไม่ได้ล็อกอิน คุณสามารถมีกิจกรรมร่วมกับเว็บไซต์ได้ แต่ต้องล็อกอินก่อน ::
  ล็อกอิน

รายการสื่อสารสนเทศ

ลำดับที่ ประเภท เลขเรียก/บาร์โค้ด สถานที่ สถานะ
1. นวนิยาย
นวนิยาย
นว. ว276ป 2552  
  Barcode: 15775
ห้องสมุดวิทยาเขตสวรรค์ประชารักษ์
►นวนิยาย
บนชั้น
  ขอยืม

BibComment


ยังไม่เคยถูกคอมเมนท์

คอมเมนท์ทรัพยากรรายการนี้
  คอมเมนท์: ปลายทางกามเทพ ว..


 Copyright 2026. Bcnsprnw @Library